00393nam a2200145Ia 4500003000400000008004100004040001600045082002700061100003300088245004600121260002800167490000500195650001900200650002800219GCL140319s9999 xx 000 0 ara d aGCL / cGCL04aكاسيتb372bا م1 aالحاج سالم غنيم10aمديح / cالحاج سالم غنيم a[S.N] : bلا يوجد a04aالاغانى04aشرائط كاسيت